000
00239nam a2200097Ia 4500
005
20251222114404.0
008
251222s1900||||xx |||||||||||||| ||spa||
082
_a
DVD0092/D51/1995
245
0
_a
Mary of Nazareth:MarĂa de Nazaret
942
_c
DVD
999
_c
1778
_d
1778